Normal view
MARC view
- دعوة اسلامية
Entry Topical Term
001 - CONTROL NUMBER
- control field: 17863
003 - CONTROL NUMBER IDENTIFIER
- control field: JO-AjAnu
005 - DATE AND TIME OF LATEST TRANSACTION
- control field: 20230606073140.0
008 - FIXED-LENGTH DATA ELEMENTS
- fixed length control field: 230606|| aca||aabn | a|a d
040 ## - CATALOGING SOURCE
- Original cataloging agency: JO-AjAnu
- Transcribing agency: JO-AjAnu
150 ## - HEADING--TOPICAL TERM
- Topical term or geographic name entry element: دعوة اسلامية
670 ## - SOURCE DATA FOUND
- Source citation: Work cat.: (JO-AjAnu)9174: أبو زهرة، محمد, author 17862, الدعوة الى الإسلام تاريخها في عهد النبي والصحابة والتابعين والعهود المتلاحقة وما يجب الآن